000 00306nam a22001337a 4500
008 170606b xxu||||| |||| 00| 0 eng d
020 _a9780195097702
041 _aeng
080 _23RD
_a94(100)
100 _a18
101 _aSHH
245 _aTHE TWENTIETH-CENTURY WORLD
_cKEYLOR,W.R
942 _2udc
_cBK
999 _c16132
_d16132